|
|
|
|
| LEADER |
00000naa2a2200000 4500 |
| 001 |
388353 |
| 005 |
20231101063732.0 |
| 035 |
|
|
|a (RuTPU)RU\TPU\prd\19443
|
| 090 |
|
|
|a 388353
|
| 100 |
|
|
|a 20031111a2003 k y0rusy50 ca
|
| 101 |
0 |
|
|a rus
|
| 102 |
|
|
|a RU
|
| 200 |
1 |
|
|a Диагностика узлов технических систем
|f М. Е. Ставровский, И. П. Соколов, Е. А. Лукашев и др.
|
| 225 |
1 |
|
|a Тема номера: экологически безопасный нефтетерминал
|
| 461 |
|
1 |
|0 (RuTPU)RU\TPU\prd\1141
|t Экология и промышленность России
|o ежемесячный общественный научно-технический журнал
|d 2001-
|
| 463 |
|
1 |
|0 (RuTPU)RU\TPU\prd\18899
|t № 9
|v С. 40-41
|d 2003
|
| 610 |
1 |
|
|a диагностика узлов
|
| 610 |
1 |
|
|a технические системы
|
| 610 |
1 |
|
|a надёжность
|
| 610 |
1 |
|
|a нефтетерминалы
|
| 610 |
1 |
|
|a насосы
|
| 610 |
1 |
|
|a методы диагностики
|
| 701 |
|
1 |
|a Ставровский
|b М. Е.
|
| 701 |
|
1 |
|a Соколов
|b И. П.
|
| 701 |
|
1 |
|a Лукашев
|b Е. А.
|
| 701 |
|
1 |
|a Кравчишин
|b Д. Н.
|
| 701 |
|
1 |
|a Коптев
|b Н. П.
|
| 701 |
|
1 |
|a Мещеряков
|b С. В.
|
| 801 |
|
1 |
|a RU
|b 63413507
|c 20031111
|g PSBO
|
| 942 |
|
|
|c BK
|